Chata na Bumbalke 905 m n. m. Pošta Makov, Slovensko : v zadu Bezkydy (Lysá hora a Travný)

Zobrazenie: V bielom orámovaní pohľad z kopca, z diaľky na chatu, za ktorou sú zalesnené kopce. Na svahu v popredí sú čiastočne vyrezané stromy

Podrobná bibliografia
Médium: Pohľadnica
Jazyk:slovenčina
Fyzický popis:1 pohľadnica čiernobiela 9 x 14 cm
Vydavateľské údaje: [Slovensko?] R. Seifert, hotelier [1938?]
Predmet:

MARC

LEADER 00000nkm a2200000 a 4500
001 vtls011974002
003 SK-MaSNL
005 20260512123737.0
007 kp bo
008 231120q1938 xo g kuslo
015 |a SNBG1938 
035 |a urn:nbn:sk:snk-km00eh4n 
035 |a urn:nbn:sk:snk-km43bw0 
035 |a 0874935F-8698-41FB-9410-047133395907 
040 |a SNK  |b slo  |c SNK  |e AACR2 
041 0 |a slo 
043 |a e-xo--- 
043 |a e-xr--- 
044 |a xo  |c SK 
072 7 |a 908(437)  |x Vlastiveda Česka a Slovenska  |2 konspekt 
080 |a 908(437.6)  |2 2011 
080 |a 796.5:640.41  |2 2011 
080 |a 911.2(23.0)  |2 2011 
080 |a 551.4.035  |2 2011 
080 |a (084.121)  |2 2011 
080 |a 908(437.3)  |2 2011 
080 |a (234.372.4)  |2 2011 
245 0 0 |a Chata na Bumbalke 905 m n. m.  |h grafika  |b Pošta Makov, Slovensko : v zadu Bezkydy (Lysá hora a Travný) 
260 |a [Slovensko?]  |b R. Seifert, hotelier  |c [1938?]  |e Vyškov  |f Fototypia 
300 |a 1 pohľadnica  |b čiernobiela  |c 9 x 14 cm 
520 8 |a Zobrazenie: V bielom orámovaní pohľad z kopca, z diaľky na chatu, za ktorou sú zalesnené kopce. Na svahu v popredí sú čiastočne vyrezané stromy 
610 2 7 |a Chata Bumbálka (Makov, Slovensko)  |2 SNKKA  |9 220320 
650 0 7 |a pohoria  |2 SNKPH  |9 44054 
650 0 7 |a turistické chaty  |2 SNKPH  |9 71107 
651 7 |a Bumbálka (Západné Beskydy, Česko a Slovensko : sedlo)  |2 SNKPHgeo  |9 57536 
651 7 |a Lysá hora (Beskydy, Česko : vrch)  |2 SNKPHgeo  |9 505399 
651 7 |a Travný (Beskydy, Česko : vrch)  |2 SNKPHgeo  |9 505400 
655 7 |a geografické pohľadnice  |2 SNKPH  |9 70522 
852 |a Slovenská národná knižnica 
954 |a pohľadnice pôvodné (slovenské)  |2 lita 
954 |a pohľadnice cudzojazyčné (svetové)  |2 lita 
958 |a GC 
958 |a GBN 
958 |a OND 
958 |a EUIPO 
999 |c 780375  |d 782305 
952 |a SNK  |b SNK  |y PREZ  |7 0  |p 17A1411363  |o snkSP 118271  |z Pohľadnica prešla poštou.  |0 0  |1 0  |4 0  |d 2020-06-15  |f 1  |l 0  |r 2026-02-24 01:02:47  |w 2026-02-24